El patito feo / (Registro nro. 7316)

Detalles MARC
000 -LEADER
fixed length control field 00957nam a22002657a 4500
003 - CONTROL NUMBER IDENTIFIER
control field OSt
005 - DATE AND TIME OF LATEST TRANSACTION
control field 20210224123920.0
008 - FIXED-LENGTH DATA ELEMENTS--GENERAL INFORMATION
fixed length control field 210224s2009 ck a|||br|||| 00| j spa d
020 ## - INTERNATIONAL STANDARD BOOK NUMBER
International Standard Book Number 9789583033018
040 ## - CATALOGING SOURCE
Original cataloging agency CO-JMCR
Transcribing agency CO-JMCR
041 1# - LANGUAGE CODE
Language code of text/sound track or separate title spa
Language code of original eng
082 04 - DEWEY DECIMAL CLASSIFICATION NUMBER
Classification number C /
Item number PATp1
Edition number 23
245 03 - TITLE STATEMENT
Title El patito feo /
Statement of responsibility, etc. traducción del inglés, Clorinda Zea
250 ## - EDITION STATEMENT
Edition statement Primera edición
260 ## - PUBLICATION, DISTRIBUTION, ETC.
Place of publication, distribution, etc. Bogotá :
Name of publisher, distributor, etc. Panamericana,
Date of publication, distribution, etc. 2009
300 ## - PHYSICAL DESCRIPTION
Extent 18 páginas :
Other physical details ilustraciones a color ;
Dimensions 20 cm.
500 ## - GENERAL NOTE
General note Título original: The Ugly Duckling
520 3# - SUMMARY, ETC.
Summary, etc. Los cuentos clásicos de ayer, hoy y siempre están aquí con toda su magia y encanto, acompañados de coloridas y divertidas ilustraciones.
546 ## - LANGUAGE NOTE
Language note Traducido del inglés.
650 14 - SUBJECT ADDED ENTRY--TOPICAL TERM
Topical term or geographic name entry element Cuentos infantiles
9 (RLIN) 13879
650 24 - SUBJECT ADDED ENTRY--TOPICAL TERM
Topical term or geographic name entry element animales
General subdivision cuentos infantiles
9 (RLIN) 13876
650 24 - SUBJECT ADDED ENTRY--TOPICAL TERM
Topical term or geographic name entry element patos
General subdivision cuentos infantiles
9 (RLIN) 13877
700 1# - ADDED ENTRY--PERSONAL NAME
Personal name Zea, Clorinda,
Relator term traductora
9 (RLIN) 13878
942 ## - ADDED ENTRY ELEMENTS (KOHA)
Source of classification or shelving scheme Dewey Decimal Classification
Koha item type Books
Existencias
Withdrawn status Lost status Source of classification or shelving scheme Damaged status Not for loan Collection code Home library Current library Date acquired Source of acquisition Total Checkouts Total Renewals Full call number Barcode Date last seen Date last checked out Copy number Price effective from Koha item type
    Dewey Decimal Classification     Fiction Biblioteca Pública José María del Castillo y Rada Biblioteca Pública José María del Castillo y Rada 12/19/2018 Donación 11 4 C / PATp1 201809544 06/11/2025 06/10/2025 Ej.1 02/24/2021 Books